000 00774aam a2200289 i 4500
001 768714001
003 CO-MdFUSB
005 20250505154133.0
007 ta
008 250505t1959 ag |||| |||| 00| 0 spa d
040 _cCO-MdFUSB
041 0 _aspa
_heng
082 0 4 _223
_a241.1
_bB2441e
100 1 _aBarclay, Oliver R.
_eautor
240 _aGuidance
245 1 0 _aEntended... la voluntad de Dios
_c/ Oliver R. Barclay
264 1 _bMethopress,
_aBuenos Aires, Argentina :
_c[1959]
264 4 _c©1959
300 _a46 páginas
336 _atexto
_btxt
_2rdacontent
337 _2rdamedia
_asin mediación
_bn
338 _2rdacarrier
_avolumen
_bnc
563 _aRústico
650 7 _aÉtica cristiana
_9185
942 _cBK
945 _aJTF-925
999 _c35383
_d35383